| 000 | 00664nam a2200217 a 4500 | ||
|---|---|---|---|
| 001 | 57268 | ||
| 003 | BD-RjUL | ||
| 005 | 20211209080505.0 | ||
| 008 | 161207s1993 bg||||| |||| 00| 0 eng d | ||
| 035 | _a(BD-RjUL)57392 | ||
| 040 |
_aBD-RjUL _beng _cBD-RjUL |
||
| 041 | _aeng | ||
| 082 |
_223 _a302.54 _bBEE 1993 |
||
| 100 | 1 |
_aBegum, Feroza _9170059 |
|
| 245 | 1 | 0 |
_aExplaining Aggression and violence : _ba probe into social psychological factors / _cFeroza Begum, Hamida Akhtar begum |
| 260 |
_aDhaka : _bSocial Vision, _c1993 |
||
| 300 |
_a116 p. : _bill. ; _c19 cm |
||
| 650 |
_aAggression _9170708 |
||
| 700 |
_aBegum, Hamida Akhtar _9170061 |
||
| 942 |
_2ddc _cBK |
||
| 999 |
_c57268 _d57268 |
||